000 00658nam a22001457a 4500
005 20241127102936.0
008 241127b |||||||| |||| 00| 0 eng d
020 _a9780406003317
245 _aLaw Reports of the Commonwealth
_bConstitutional and Administrative Law Reports 1990
260 _aLondon, UK
_bButterworths & Co. (Publishing) Ltd
_c1992
300 _axliii, 995 pages
_c24 cm
500 _aGeneral Editors: Read James S. Prof. LL.B. of Gray’s Inn, Barrister. Slinn Peter E. M.A., PhD., Solicitor, England and Wales. Managing Editor: Edwards Radhika LL.B. of the Inner Temple, Barrister.
650 _2Law Reports
_xUK
942 _2lcc
_cBK
_n0
999 _c1587
_d1587